| 000 | 00486nam a2200145 i 4500 | ||
|---|---|---|---|
| 001 | 86014 | ||
| 003 | ES-MaACL | ||
| 005 | 20230906175346.0 | ||
| 007 | t| | ||
| 008 | 041207s1963 sp ||||1| spa d | ||
| 245 | 0 | 0 | _aDiscurso pronunciado en las Naciones Unidas por John F. Kennedy, presidente de los Estados Unidos, 20 septiembre, 1963. |
| 260 |
_a[Madrid : _bEmbajada de los Estados Unidos de América, _c1963] |
||
| 300 |
_a10 h. ; _c17 cm. |
||
| 852 |
_aES-MaACL _j2051-F-10 _bR.52843 |
||
| 999 |
_c86014 _d86014 |
||